World soil resources reports N86 Prevention of land degradation, enhencement of carbon sequestration and conservation of biodiversity through lan use chane and sustainable land management with a focus on Latin America and the Caribbean

সংরক্ষণ করুন:
গ্রন্থ-পঞ্জীর বিবরন
প্রধান লেখক: IFAD
বিন্যাস: গ্রন্থ
ভাষা:Undetermined
প্রকাশিত: Rome FAO 1999
বিষয়গুলি:
ট্যাগগুলো: ট্যাগ যুক্ত করুন
কোনো ট্যাগ নেই, প্রথমজন হিসাবে ট্যাগ করুন!
Thư viện lưu trữ: Trung tâm Học liệu Trường Đại học Cần Thơ
LEADER 00683nam a2200193Ia 4500
001 CTU_40070
008 210402s9999 xx 000 0 und d
082 |a 631 
082 |b W927/N86 
100 |a IFAD 
245 0 |a World soil resources reports N86 
245 0 |b Prevention of land degradation, enhencement of carbon sequestration and conservation of biodiversity through lan use chane and sustainable land management with a focus on Latin America and the Caribbean 
245 0 |c IFAD, FAO 
260 |a Rome 
260 |b FAO 
260 |c 1999 
650 |a soil maps 
904 |i Nguyễn Quang Điền, 001222 
980 |a Trung tâm Học liệu Trường Đại học Cần Thơ